[Event "Linares Anibal op 08th"]
[Site "Linares"]
[Date "2001.01.12"]
[Round "5"]
[White "Herrera, Irisberto"]
[Black "Kacheishvili, Giorgi"]
[Result "1/2-1/2"]
[WhiteElo "2404"]
[BlackElo "2556"]
[Annotator "Gofshtein,L"]
[PlyCount "90"]
[EventDate "2001.01.08"]
[EventType "swiss"]
[EventRounds "11"]
[EventCountry "ESP"]
[SourceTitle "CBM 081"]
[Source "ChessBase"]
[SourceDate "2001.03.20"]
[SourceVersion "1"]
[SourceVersionDate "2001.03.20"]
[SourceQuality "1"]

1. e4 c5 2. Nf3 d6 3. d4 cxd4 4. Nxd4 Nf6 5. Nc3 Nc6 6. Bg5 e6 7. Qd2 Be7 8.
O-O-O O-O 9. f3 a6 10. h4 Qc7 ({Was played also} 10... Bd7 11. Nxc6 $5 (11. g4
b5 12. Nxc6 Bxc6 13. Bd3 (13. Ne2 $5) 13... b4 14. Ne2 Qa5 15. Kb1 Rfc8 16. Nd4
Bb5 17. Nb3 Qc7 18. Rc1 Bc4 19. Bxc4 Qxc4 20. c3 $5 {1-0 Herrera,I-De la Paz,F/
Santa Clara 1996/EXT 99 (54)}) 11... Bxc6 12. Ne2 {[%cal Ye2d4,Ye2g3,Ye2f4]
With N transfer to active point.} Rc8 13. Nd4 Bd7 14. g4 Qc7 15. Kb1 Rfd8 16.
Bd3 Be8 17. h5 $14 {Mazi,L-Aseev,K/Wuerzburg op 1992/1-0(30)}) ({Worth of
attention} 10... Nxd4 $5 11. Qxd4 {and here Black recieves good counterplay by}
Qa5 ({and by} 11... b5 12. g4 Bb7 (12... Qa5 $5) 13. Qf2 b4 14. Na4 Bc6 15. Nb6
Rb8 16. Nc4 d5 17. Bf4 Rb7 $13 {Zapata-Hernandez, Cali zt 1990}) 12. Kb1 (12.
Bd2 Qc5 13. Qxc5 dxc5 14. Bg5 h6 15. Bxf6 gxf6 16. Na4 b5 $11 {Kostic,V-Campos
Moreno,J/Valjevo 1984/0-1(57)}) 12... b5 13. Qd2 b4 $5 14. Ne2 e5 $5 {[%csl
Re5]} 15. Nc1 Be6 $132 {Tringov-Kupreichik, Plovdiv 1980}) ({Possible also} 
10... d5 11. Kb1 h6 12. Nxc6 bxc6 13. Bxh6 gxh6 14. Qxh6 $44 {With strong
Attack for sacrificed piece 1-0 Scholz,H-Thomas,J/Bad Bergzabern 1997/EXT 2000
(35)}) 11. Kb1 ({Here White played also} 11. h5 h6 (11... Nxd4 12. Qxd4 h6 13.
Be3 (13. Bh4 $5) 13... Nh7 $5 {1/2-1/2 Neber,A-Gemesi,J/HUN 1999/EXT 2000 (13)}
) 12. Be3 $6 (12. Bh4 $5) 12... Nxd4 13. Bxd4 Rd8 14. g4 e5 15. Be3 d5 $1 $15 {
Peptan,C-Roos,T/Berliner Sommer 1997/1/2-1/2(32)}) (11. g4 Rd8 $1 (11... b5
$143 12. Nxc6 Qxc6 13. Bd3 Bb7 14. Kb1 Qc7 15. h5 Rfd8 16. Bh4 b4 17. Ne2 d5
18. e5 Ne4 19. Qe3 Bxh4 20. Rxh4 Rac8 21. Nd4 $16 {1-0 Wengenroth,W-Roos,T/
Neuwied 1993/GER (35)}) 12. Kb1 (12. Be2 b5 13. a3 Bb7 14. Nf5 exf5 15. Bxf6
Bxf6 16. Nd5 Qd7 17. gxf5 $15 {Damjanovic,M-Ligterink,G/Graz 1979/1/2-1/2(41)})
12... Rb8 13. Be3 Nxd4 14. Bxd4 b5 15. g5 Nd7 16. Qg2 b4 17. Ne2 e5 18. Be3 Nc5
19. Nc1 Be6 20. h5 Na4 $132 {Tringov,G-Popovic,P/Stara Pazova 1988/0-1(42)})
11... Nxd4 12. Qxd4 b5 13. h5 {[%cal Gh5h6] threatening h5-h6} ({Worth of
attention} 13. Qd2 $5 {with the idea of eventual Ne2-d4 manoeuvre.}) ({Played
also} 13. g4 Rd8 14. h5 {[%cal Rh5h6]} h6 15. Bh4 b4 $1 16. Ne2 (16. Qxb4 $2 d5
17. Qa4 Rb8 $17 {[%cal Rc7c3,Rb8b4]}) 16... e5 $142 $5 (16... Bb7 $6 17. Nc1
Rac8 (17... e5 18. Qc4 $1) 18. Bd3 Qc5 (18... e5 {[%cal Gd6d5]} 19. Qg1 $1 d5
20. g5 $40) 19. Qxc5 dxc5 20. Bc4 Rd4 21. Rxd4 (21. b3 $2 Rxd1 22. Rxd1 Nxe4 $1
) 21... cxd4 22. b3 Kf8 23. Ne2 e5 24. Ng3 Ne8 25. Nf5 {1/2-1/2 Herrera,
I-Garcia Ilundain,D/Santa Clara 1998/CBM 66(25)}) 17. Qe3 (17. Qd2 d5 18. Bxf6
Bxf6 19. exd5 Bb7 20. d6 Qb6 $15) (17. Qg1 d5 18. g5 hxg5 19. Qxg5 {-17.Qe3})
17... Nh7 $1 $132 (17... d5 18. g5 hxg5 19. Qxg5 $16 dxe4 $140 20. Rxd8+ Qxd8
21. h6 $18)) 13... h6 14. Bh4 Bb7 ({More active was} 14... b4 $5 {srarting
counterplay immediately} 15. Qxb4 (15. Na4 Rb8 16. Bc4 Bb7 $132) 15... d5 16.
Qd4 dxe4 17. Nxe4 Rd8 18. Nxf6+ Bxf6 19. Qxd8+ Bxd8 20. Rxd8+ Kh7 21. Bd3+ f5
$132) 15. g4 b4 $5 16. Na4 $146 {[%mdl 8] Interesting novelty.} (16. Qxb4 d5
17. Qb3 dxe4 $36) ({After} 16. Ne2 {with another moves order would created
position from noted above game 1/2-1/2 Herrera,I-Garcia Ilundain,D/Santa Clara
1998/CBM 66(25)}) 16... Rab8 {Preparing Bb7-c6 reply.} 17. b3 {Prophilactic
against eventual Bc6.} (17. g5 $2 hxg5 18. Bxg5 Qa5 $36) 17... Rfd8 {[%cal
Gd6d5,Ge6e5] Black prepares counterplay in the center by d6-d5 or/and by e6-e5
promotions.} 18. Bd3 ({Immediately} 18. g5 $5 {was more active:} hxg5 19. Bxg5
Rbc8 20. Bd3 e5 21. Qg1 $36) 18... a5 19. g5 {Opening files for K Attack on
the kingside.} hxg5 20. Bxg5 {With idea h5-h6 e6-e5 Qd4-f2-h4 manoeuvre.} e5
21. Qe3 ({Much stronger was} 21. Qg1 $5 d5 22. h6 g6 23. Nc5 $1 Kh8 24. Nxb7)
21... Nh7 22. Bxe7 Qxe7 23. Rdg1 {Too slowly. Here or on the next move it was
necessary to includ h5-h6 promotion.} (23. h6 $5 g6 24. Bc4 $16 {[%csl Yd5]
[%cal Yc4f7]}) 23... Kh8 24. Nb6 {[%csl Rd5]} Qf6 25. Bc4 (25. h6 $5 g6 26. Bc4
$16) 25... Bc6 $6 ({Black misses the moment for QQ exchange:} 25... Qh6 $5 26.
Qxh6 gxh6 27. Bxf7 Ng5 $44) 26. Nd5 $6 ({Here also right was} 26. h6 {as noted
above.} g6 27. Bd5 Bb5 28. Rg2 $36) 26... Bxd5 27. Bxd5 Rd7 {[%csl Ra7]
preventing Qa7} (27... Qh6 28. Qa7 Ng5 29. Rg3 $36) 28. Rg4 $6 ({Why not} 28.
h6 $5 g6 29. Rf1) 28... Qh6 $1 {[%mdl 256] Despite of strong Bd5 position on
d5 square Black has good couterplay because of weaknesses in White's camp.} 29.
Qg1 (29. Qxh6 gxh6 30. Rg2 Nf6 $132) 29... Nf6 30. Rg5 Nxd5 31. exd5 Rc7 $132
32. Rh2 Rc5 {[%csl Rd5]} 33. Rhg2 {[%csl Rg7]} Rg8 34. Rd2 Rc3 {[%csl Rf3]} 35.
Rf2 Qf6 {[%csl Rf3]} 36. Qg4 e4 $1 {[%csl Rf3,Rg5] Good reaction!} 37. Rf5 Qd4
38. fxe4 Re3 {[%csl Re4]} 39. Rf1 Rxe4 40. Qd1 {RR endgame is drawn.} (40. Qg5
Rge8 41. Qc1 {[%csl Rf7]}) 40... Qxd1+ 41. Rxd1 Re7 42. Rdf1 Rge8 (42... f6 43.
a3 bxa3 44. Ka2 {[%csl Ra3,Ra5]}) 43. Rxf7 Rxf7 44. Rxf7 Re5 45. a3 Rxh5 $11
1/2-1/2

[Event "EU-ch 4th"]
[Site "Istanbul"]
[Date "2003.06.12"]
[Round "12"]
[White "Korneev, Oleg"]
[Black "Bocharov, Dmitry"]
[Result "1-0"]
[WhiteElo "2606"]
[BlackElo "2492"]
[Annotator "Gofshtein,L"]
[PlyCount "69"]
[EventDate "2003.05.30"]
[EventType "swiss"]
[EventRounds "13"]
[EventCountry "TUR"]
[SourceTitle "CBM 096"]
[Source "ChessBase"]
[SourceDate "2003.09.25"]
[SourceVersion "1"]
[SourceVersionDate "2003.09.25"]
[SourceQuality "1"]

1. e4 {[%mdl 132]} c5 2. Nf3 Nc6 3. d4 cxd4 4. Nxd4 Nf6 5. Nc3 d6 6. Bg5 Qb6 {
relatively rare line. black is trying to push white's knight away from the
centre} 7. Nb3 e6 {now and the next move white has a choice: eather to damage
opponent's pawn structure by playing Bf6, or to play the usual opposite
castles game} 8. Qd2 a6 9. O-O-O Be7 10. f3 O-O 11. h4 {tipical for this
position advance on the king side} Rd8 {black's preparing a break in the
centre, by playing d5} 12. Be3 Qc7 13. Qf2 $5 {[%cal Ye3b6] whites wins time
for his own attack, by forcing black to defend from Bb6} Nd7 14. Kb1 b5 15. g4
Rb8 16. g5 Nb6 17. h5 Na4 18. Ne2 Ne5 19. Bc1 $5 {important defensive move
before continuing the attack} Nc4 20. Bh3 {[%cal Yh3e6,Re2d4,Rd4e6,Re2f4,Rf4e6]
white prepares g6, attacking the e6 pawn} e5 {20...b4 was worth considiration}
(20... b4 $5 21. g6 Bf6 22. Ned4 d5 $132) 21. f4 (21. g6 Bxh3 22. Rxh3 Rdc8
$132) 21... Bxh3 22. Rxh3 Rbc8 {[%cal Rc7c2,Rc8c2] activising the pieces on
the c file} (22... Rdc8 $5) 23. c3 b4 24. f5 Qb7 {[%cal Rb7e4,Rb7b2]} 25. Qg2
bxc3 26. Nxc3 Nxc3+ 27. Rxc3 a5 $2 {too slow, better was 27...Na3, with a
conterplay} (27... Na3+ $5 28. Ka1 Rxc3 29. bxc3 Nb5 30. f6 Bf8 $132) 28. f6
Bf8 29. g6 $40 hxg6 30. hxg6 fxg6 31. Rh3 {black' attack is too late. white
increases his threats} gxf6 32. Qxg6+ Qg7 33. Qf5 $18 Rc7 34. Rdh1 Re8 35. Rh8+
{black resigned, major loss of material is inevitable} 1-0

[Event "Linares Anibal op 07th"]
[Site "Linares"]
[Date "2000.01.08"]
[Round "2"]
[White "Salmensuu, Olli"]
[Black "Zvjaginsev, Vadim"]
[Result "0-1"]
[WhiteElo "2443"]
[BlackElo "2652"]
[Annotator "Gofshtein,L"]
[PlyCount "90"]
[EventDate "2000.01.07"]
[EventType "swiss"]
[EventRounds "10"]
[EventCountry "ESP"]
[SourceTitle "CBM 075"]
[Source "ChessBase"]
[SourceDate "2000.04.05"]
[SourceVersion "1"]
[SourceVersionDate "2000.04.05"]
[SourceQuality "1"]

{[%mdl 20992]} 1. e4 c5 2. Nf3 d6 3. d4 cxd4 4. Nxd4 Nf6 5. Nc3 Nc6 6. Bg5 e6
7. Qd2 Be7 8. O-O-O O-O 9. f3 a6 (9... Nxd4 {- main line}) 10. h4 Nxd4 (10...
Qc7 11. g4 b5 12. Nxc6 Qxc6 13. Bd3 Bb7 14. Kb1 Qc7 15. h5 Rfd8 16. Bh4 b4 17.
Ne2 d5 18. e5 Ne4 19. Qe3 Bxh4 20. Rxh4 Rac8 21. Nd4 Nc5 $14 {1-0 Wengenroth,
W-Roos,T/Neuwied op 1993/GER 09 (35)}) 11. Qxd4 b5 (11... Qc7 12. Kb1 b5 13. g4
Rd8 14. h5 h6 15. Bh4 b4 16. Ne2 Bb7 17. Nc1 Rac8 18. Bd3 Qc5 19. Qxc5 dxc5 20.
Bc4 $11 {1/2-1/2 Herrera,I-Garcia Ilundain,D/Guillermo Garcia mem Premier,
Villa Cla 1998 (25)}) (11... Qa5 12. Bd2 Qc5 13. Qxc5 dxc5 14. Bg5 h6 15. Bxf6
gxf6 16. Na4 b5 17. Nb6 Ra7 18. Nxc8 Rxc8 19. c4 b4 $11 {0-1 Kostic,V-Campos,J/
Valjevo 1984 (57)}) 12. Bxf6 (12. Kb1 Bb7 (12... Qa5 13. e5 (13. Qd2 b4 14. Ne2
e5 15. Nc1 Be6 16. g4 Rfd8 17. Bxf6 Bxf6 18. g5 Be7 19. Bh3 $132 {0-1
Tringov-Kuprejcik/Plovdiv 1980/Inf 30 (41)}) 13... dxe5 14. Qxe5 Bb7 15. Bd3
$11 {1-0 Fogarasi,T-Nguyen Anh Dung/Budapest HUN 2000 (64)}) 13. Qd2 Rc8 14.
Bd3 Nd7 15. a3 Nb6 16. Ne2 f6 17. Be3 Nc4 18. Bxc4 Rxc4 19. Nd4 Qd7 20. Nb3 Ba8
21. Nc5 Qc8 22. Nd3 Qb7 $15 {[%csl Ga8,Ge7] 1-0 Bologan,V-Zvjaginsev,V/Belfort
FRA 1999 (39)}) 12... gxf6 (12... Bxf6 $2 13. Qxd6 Qxd6 (13... Qa5 14. e5 $16)
14. Rxd6 Bxc3 15. bxc3 e5 16. c4 $16) 13. Bd3 Kh8 $2 $16 (13... Bb7 $132) 14.
e5 $5 {Interesting move} Bb7 (14... dxe5 $4 15. Qe4 {[%csl Ra8,Rh7]}) (14... d5
$2 {[%tqu "En","?","","","c3e4","",10]} 15. Ne4 $1 f5 (15... fxe5 16. Qxe5+ f6
17. Qh5 Qe8 18. Nxf6 Qxh5 19. Nxh5 $16) 16. Nf6 $16 {[%cal Gg2g4]}) 15. Bxh7 $1
{White play with fantasy.} (15. exd6 Qxd6 16. Qe3 (16. Be4 Qxd4 17. Rxd4 Bxe4
18. Nxe4 Rfd8 19. Rhd1 Rxd4 20. Rxd4 Rd8 $132) 16... Qc5 17. Qxc5 Bxc5 18. Be4
Be3+ 19. Kb1 Bxe4 20. Nxe4 f5 $132) 15... fxe5 (15... Kxh7 16. exd6 $18 {
[%csl Re7]}) 16. Qg4 $1 {Very good move again!} (16. Qd3 d5 17. h5 $132) 16...
Kxh7 17. Qh5+ Kg7 18. Rh3 Bg5+ (18... Rg8 19. Rg3+ Bg5+ 20. Rxg5+ Kf8 21. Ne4
Bxe4 22. fxe4 Rxg5 23. hxg5 $16) 19. hxg5 Rh8 20. Qg4 $2 $132 ({It was a time
to be realist. But we'll see at this game continuation - endgame is not a
strong featur of both partners...} 20. Qxh8+ Qxh8 21. Rxh8 Rxh8 22. Rxd6 Rh1+
23. Rd1 (23. Kd2 Rh2 24. Ke3 Rxg2 25. Rb6 Bd5 26. Rxa6 Rxc2 $11) 23... Rh5 24.
Rd7 Ba8 25. Ra7 b4 26. Nd1 (26. Rxa8 bxc3 27. bxc3 Rxg5 $132) 26... Bd5 27.
Rxa6 Rxg5 28. Ne3 $16) 20... Rxh3 21. gxh3 Qb6 22. Ne4 Qe3+ 23. Rd2 (23. Kb1
Rh8 24. h4 Qe2 25. Kc1 Qe3+ 26. Kb1 Qe2 $11) 23... Rh8 (23... Rc8 24. g6 f5 25.
Qh4 Bxe4 26. fxe4 Kxg6 27. Qe7 Rxc2+ $1 28. Kxc2 Qxe4+ $11) 24. h4 Qe1+ 25. Rd1
Qxh4 26. Qxh4 $2 $17 (26. Nxd6 $132) 26... Rxh4 27. Rxd6 (27. Nxd6 Bxf3 28. Rf1
e4 $19) 27... Kg6 28. Kd2 (28. b3 Bxe4 29. fxe4 Kxg5 30. Rxa6 Rxe4 31. a4 bxa4
32. Rxa4 $17) 28... Bxe4 29. fxe4 Kxg5 30. Rxa6 Rxe4 31. Ra5 b4 32. c3 (32. a4
bxa3 33. Rxa3 $17) 32... bxc3+ 33. Kxc3 f5 34. Ra8 (34. b4 f4 35. Kd3 Rxb4 (
35... f3 36. Kxe4 f2 37. Kxe5 f1=Q 38. Kxe6+ Kg4 39. Kd5 Qd3+ 40. Kc5 Kf5 $17)
36. Rxe5+ Kf6 $19) 34... Re3+ $6 (34... f4 35. a4 f3 36. Kd2 f2 37. Rf8 Rf4 38.
Rxf4 Kxf4 39. Ke2 Kg3 $19) 35. Kd2 Rh3 (35... Kf4 36. b4 Ke4 37. b5 Rd3+ 38.
Kc2 Rd4 39. a4 (39. Ra3 Rb4 40. Rb3 Rxb3 41. Kxb3 Kd5 {[%cal Gb5b7,Gd5b7]} 42.
a4 Kc5 $19) 39... f4 40. b6 Rb4 41. a5 f3 42. Rf8 Ke3 43. Kc3 Rf4 44. Rxf4 exf4
45. b7 f2 46. b8=Q f1=Q 47. Qb6+ Kf3 48. Qxe6 $11) 36. b4 e4 (36... Kf4 37. b5
e4 (37... Rh2+ 38. Kc3 Rh1 39. b6 Rb1 40. Ra4+ Ke3 41. Rb4 Rc1+ 42. Kb3 Rc8 43.
b7 Rb8 44. a4 f4 45. a5 f3 46. a6 f2 47. a7 f1=Q 48. axb8=Q (48. a8=Q Qb1+ 49.
Kc3 Qd3+ 50. Kb2 Qd2+ 51. Ka3 Qd6 52. Qa7+ Kf3 53. Qg1 $11) 48... Qd3+ 49. Ka2
Qa6+ 50. Kb2 Qe2+ 51. Ka1 Qa6+ $11) 38. b6 e3+ $19 {See next variations}) 37.
b5 Rd3+ $2 {Time pressure?} (37... Kf4 38. b6 e3+ (38... Rh7 39. Ra7 Rh2+ 40.
Kc3 Rh3+ 41. Kd2 (41. Kc4 Rh8 42. b7 Rb8 $19) 41... Rh2+ $11) 39. Kd3 Rh7 (
39... Kf3 40. Re8 Rh1 41. b7 e2 42. Rxe6 Rd1+ 43. Kc4 Rd8 44. Kc5 Kf2 45. a4
e1=Q 46. Rxe1 Kxe1 47. a5 f4 48. a6 f3 49. a7 f2 50. b8=Q $11) 40. Ra7 Rh2 41.
Ra3 (41. b7 Rb2 $19) 41... Rd2+ 42. Kc3 Rd8 $19) 38. Ke2 (38. Kc2 Rd7 39. a4 e3
40. Re8 Kf6 41. Rh8 f4 $19) 38... Rd4 $4 $18 (38... f4 $2 39. b6 f3+ 40. Kf2
Rd2+ 41. Ke3 (41. Ke1 f2+ $19) 41... Re2+ 42. Kd4 f2 43. Rg8+ Kf6 44. b7 f1=Q
45. Rf8+ Kg6 46. Rxf1 Rb2 $11) (38... Rh3 $1 {To recognize a mistake!} 39. b6
Rh2+ 40. Ke3 Rb2 41. Ra6 Rb4 42. a4 f4+ 43. Kd2 e3+ $19) 39. a3 $4 $11 (39. Ra3
$1 {[%cal Ga3b3,Gb5b8]} Rb4 (39... f4 40. b6 Rd8 41. Rb3 Kf5 42. b7 Rb8 43. a4
Ke5 44. a5 $18) (39... Rd8 40. b6 Kf4 41. b7 Rb8 42. Rb3 Ke5 43. a4 Kd6 44. a5
Kc7 45. a6 $18) 40. Rb3 Ra4 41. b6 Ra8 42. b7 Rb8 43. a4 $18) 39... Rd3 40. a4
$4 $19 (40. Ra4 $1 {[%cal Ga4b4,Gb5b8]} Rb3 41. Rb4 Rxa3 42. b6 Ra8 43. b7 Rb8
44. Ke3 Kf6 45. Kd4 Ke7 46. Rb6 (46. Ke5 e3 47. Rb6 Kf7 48. Rb2 e2 49. Rxe2
Rxb7 $19) 46... Kd7 47. Ke5 e3 48. Rd6+ Kc7 49. Rxe6 $11) 40... Rb3 {Black
rook placed on ideal position - behind white pawns} 41. Rc8 (41. Rb8 f4 42. a5
Rb2+ $19) 41... f4 42. Rc1 f3+ 43. Kf1 e3 44. a5 Rxb5 45. Ra1 Kf4 0-1

[Event "Elgoibar 14th"]
[Site "Elgoibar"]
[Date "2004.12.13"]
[Round "3"]
[White "Perez Candelario, Manuel"]
[Black "Gomez Esteban, Juan Mario"]
[Result "1-0"]
[WhiteElo "2474"]
[BlackElo "2475"]
[Annotator "Gofshtein,L"]
[PlyCount "89"]
[EventDate "2004.12.11"]
[EventType "tourn"]
[EventRounds "9"]
[EventCountry "ESP"]
[EventCategory "10"]
[SourceTitle "CBM 105"]
[Source "ChessBase"]
[SourceDate "2005.04.11"]
[SourceVersion "1"]
[SourceVersionDate "2005.04.11"]
[SourceQuality "1"]

1. e4 c5 2. Nf3 Nc6 3. d4 cxd4 4. Nxd4 Nf6 5. Nc3 d6 6. Bg5 e6 7. Qd2 Be7 8.
O-O-O O-O 9. f3 a6 10. h4 {White starts an attack on the kingside. 10.g4
allowed black counterplay as the next game shows} (10. g4 d5 11. exd5 Nxd5 12.
Bxe7 Ncxe7 13. f4 Qa5 $132 {0-1 Rasik,V-Epishin,V/CZE-chT9495 1995/EXT 97 (44)}
) 10... Nxd4 {good counterplay gave 10...Qc7 as the tournament practice shows}
(10... Qc7 $5 11. h5 (11. g4 Rd8 (11... b5 12. Nxc6 Qxc6 13. Bd3 Bb7 $6 (13...
b4 $5 $132) 14. Kb1 Qc7 15. h5 $36 {1-0 Wengenroth,W-Roos,T/Neuwied 1993/GER 
(35)}) 12. Kb1 (12. Be2 b5 13. a3 Bb7 14. Nf5 exf5 15. Bxf6 Bxf6 16. Nd5 Qd7
17. gxf5 $15 {Damjanovic,M-Ligterink,G/Graz 1979/1/2-1/2(41)}) 12... Rb8 13.
Be3 Nxd4 14. Bxd4 b5 15. g5 Nd7 16. Qg2 b4 17. Ne2 e5 18. Be3 Nc5 19. Nc1 Be6
20. h5 Na4 $132 {Tringov,G-Popovic,P/Stara Pazova 1988/0-1(42)}) 11... h6 12.
Be3 Nxd4 13. Bxd4 Rd8 14. g4 e5 15. Be3 d5 $1 $15 {Peptan,C-Roos,T/Berliner
Sommer 1997/1/2-1/2(32)}) (10... Bd7 11. Nxc6 Bxc6 12. Ne2 Rc8 13. Nd4 Bd7 14.
g4 Qc7 15. Kb1 Rfd8 16. Bd3 Be8 17. h5 $14 {Mazi,L-Aseev,K/Wuerzburg op 1992/
1-0(30)}) 11. Qxd4 b5 (11... Qc7 $146 12. Kb1 b5 13. g4 Rd8 14. h5 {[%cal
Rh5h6]} h6 15. Bh4 b4 $1 16. Ne2 (16. Qxb4 $2 d5 17. Qa4 Rb8 $17 {[%cal Rc7c3,
Rb8b4]}) 16... e5 $142 17. Qe3 (17. Qd2 d5 18. Bxf6 Bxf6 19. exd5 Bb7 20. d6
Qb6 $15) (17. Qg1 d5 18. g5 hxg5 19. Qxg5 {-17.Qe3}) 17... Nh7 $1 18. Bf2 d5
$132) (11... Qa5 $5 12. Kb1 (12. Bd2 Qc5 13. Qxc5 dxc5 14. Bg5 h6 15. Bxf6 gxf6
16. Na4 b5 $11 {Kostic,V-Campos Moreno,J/Valjevo 1984/0-1(57)}) 12... b5 13.
Qd2 b4 14. Ne2 e5 $5 {same idea  bishop cross to e6} 15. Nc1 Be6 $132 {
Tringov-Kupreichik, Plovdiv 1980}) 12. Kb1 (12. g4 Bb7 (12... Qa5 $5) 13. Qf2
b4 14. Na4 Bc6 15. Nb6 Rb8 16. Nc4 d5 17. Bf4 Rb7 $13 {Zapata-Hernandez, Cali
zt 1990}) 12... Bb7 {also was possible 12...Qa5 with idea 13...b414.Ne2 e5 15.
Qd2 Be6 with good counterplay} 13. Qd2 (13. Bd3 Rc8 14. Ne2 Nd7 15. Ng3 f6 16.
Bc1 Qc7 17. Nh5 $36 {1-0 Nisipeanu,L-Kharlov,A/Tripoli 2004/CBM 102 (57)})
13... b4 {After 13...Qc7 or 13...Rc8 white has a serious initiative as the
next games show} (13... Qc7 14. Bd3 (14. Ne2 $5 Rac8 15. Nd4 $14 Rfd8 (15... d5
16. e5 $1 Ne8 17. Bxe7 Qxe7 18. f4 f6 19. Re1 $16) 16. Bd3 Ne8 $5 (16... h6 17.
Be3 d5 18. e5 $1 Nd7 19. f4 Nc5 20. g4 $40) 17. g4 Bf6 18. Be3 $1 $36 {1-0
Bologan,V-Ye,J/Beijing 2000/[Bologan,V] (37)}) (14. g4 Rfd8 15. Ne2 Rac8 16.
Nd4 e5 17. Nf5 d5 18. Nxe7+ Qxe7 19. Bxf6 Qxf6 20. g5 Qb6 21. exd5 Bxd5 22. Qe2
Bc4 $36 {0-1 Bremond,E-Caposciutti,M/Clichy 2002/CBM 087 ext (44)}) 14... Rfd8
15. g4 b4 16. Ne2 a5 17. Nd4 a4 18. Nb5 Qb6 19. h5 d5 {1/2-1/2 Sax,G-Smirin,I/
Pula 2001/CBM 084 ext (19)}) (13... Rc8 14. Bd3 Nd7 (14... b4 $5 15. Ne2 a5)
15. a3 Nb6 16. Ne2 f6 {Black avoid changing of bishops} (16... Qc7) 17. Be3 Nc4
$5 (17... Na4 $5) 18. Bxc4 Rxc4 19. Nd4 Qd7 $6 {19...Qc8,and in following
d6-d5 open position look better} (19... Qc8 $5 20. Nb3 Ba8 21. Na5 Rc7) 20. Nb3
$36 {1-0 Bologan,V-Zvjaginsev,V/Belfort 1999/CBM 075/[Gofshtein,L] (39)}) (
13... Rc8 {– 77/202}) 14. Ne2 a5 15. Nd4 Rc8 16. Bd3 {White plays by the usual
scheme. The bishop is placed on d3, the knight on d4, after that he starts to
advance his kingside pawns} Nd7 $5 {Offering an exchange of dark squared
bishops, in order to lower white's attacking potential} 17. Bxe7 Qxe7 18. Nb3 {
[%cal Rb3a5] White suddenly changes the direction of his attack and tries to
attack black's weaknesses on the queenside} d5 {18...a4 deserved attention
getting counterplay for the sacrificed pawn} (18... a4 $5 19. Na5 (19. Qxb4
axb3 20. Qxb7 Rb8) 19... Nc5 20. Qxb4 Rb8 $44) 19. Nxa5 Ba8 20. Rhe1 Nb6 {
Black gets a certain compensation for the sacrificed pawn as white is thinking
only about defence now} (20... Qd6 $5) 21. h5 (21. e5 $5) 21... h6 22. Qf2 Rb8
{Black transfers the rook to the b-file freeing the c8 square for the second
rook} 23. Nb3 Na4 $5 {[%cal Ra4b2,Ra4c3] Bringing the knight closer to the
white king and preparing a sacrifice on c3} 24. e5 Rfc8 25. f4 Nc3+ {[%mdl 512]
Black carries out a long ago planned sacrifice} 26. bxc3 bxc3 {[%cal Re7a3]}
27. Qe3 {White defends against immideate threats as now 27...Qa3 is parried by
28.Qc1. From the other hand the white king cannot escape the dangerous area.
That's why black tries to find new paths for his pieces} Rb4 $5 {[%cal Rb4a4]}
28. Qc1 Qa7 29. Bf1 {[%csl Rd4][%cal Rd1d4][%mdl 256] Taking control over the
d4 square and not allowing black to play d5-d4} (29. a3 Ra4 30. Qe3 d4 31. Nxd4
Rxd4 32. Qxd4 Rb8+ $19) 29... Ra4 30. Qe3 Qe7 31. Qc1 {White wants to exchange
or to throw back black's active rook so it seems that black should have
settled for a draw} (31. Rd4 Qa3 $19) 31... Qa7 32. Qe3 d4 $2 {Black sharpens
the game and.... loses} (32... Qe7 $11) 33. Rxd4 Rxa2 (33... Rxd4 34. Nxd4 Qa3
35. Qc1) 34. Rc4 $1 {This simple and strong defensive move parries black's
threats} Rb2+ 35. Kc1 $18 Rxc2+ 36. Kxc2 Qa2+ 37. Kxc3 {White has a great
material advantage and easily parries black's threats} Rb8 38. Rb4 Rc8+ 39. Bc4
Bd5 40. Qd2 {[%cal Rd2a2]} Qa6 41. Qd4 {[%cal Rd4c4,Rb4c4]} Qa2 42. Ra1 Qxg2
43. Ra5 Be4 {[%cal Rg2c2]} (43... Qf3+ 44. Kb2) 44. Nd2 Bf5 45. Rab5 {[%cal
Rb5b8]} 1-0